Statistics for US State Capitals Closest to...#1 - Honolulu

Click here to take the quiz!

General Stats

  • This quiz has been taken 70 times
  • The average score is 8 of 10

Answer Stats

US State Capital % Correct
2463 miSacramento3963 km
98%
2910 miPhoenix4683 km
87%
2639 miOlympia4248 km
82%
2563 miSalem4125 km
80%
2564 miCarson City4126 km
75%
2836 miBoise4564 km
74%
2814 miJuneau4529 km
67%
2995 miSalt Lake City4821 km
66%
3269 miSanta Fe5261 mi
66%
3096 miHelena4983 km
61%

Score Distribution

Percentile by Number Answered

Percent of People with Each Score

Your Score History

You have not taken this quiz